000 00290nam a2200121Ia 4500
005 20251222155117.0
008 251222s9999||||xx |||||||||||||| ||spa||
082 _aADM.33
100 _aTAMAYO CALDERON,José
245 0 _aFundamentos de administración
264 _bNo tiene
942 _cLIB
999 _c38283
_d38283